000 00889nam a2200253 i 4500
001 C2-0341120
003 PPAK
005 20180728142905.0
008 170228s2016 my |||| ||||| | eng d
020 _a9789674184216
040 _aPPAK
_beng
_cPPAK
_erda
082 0 4 _a371.58
_223
090 0 0 _a371.58
_bSEX
_dG
245 0 0 _aSexual harassment in the education sectors
_ba Malaysian perspective
264 1 _aKuala Lumpur :
_bInternational Islamic University Malaysia ,
_c2016
300 _a344 pages ;
_c23 cm
336 _2rdacontent
_atext
337 _2rdamedia
_aunmediated
338 _2rdacarrier
_avolume
500 _aBibliography pages 311-339 ; Include indexes
650 1 0 _aSexual harassment in education - Malaysia. ; Sexual harassment in universities and colleges - Malaysia.
700 0 _aAshgar Ali Ali Mohamed ; Muzaffar Syah Mallow,
_eeditor
942 _ddc
_cB
999 _c138233
_d138233